Loga klubów Ligi Mistrzów 2025/26 - Statystyki

Ogólne statystyki
  • Ten quiz został rozwiązany 91 razy
  • Średni wynik to 31 z 36
Statystyki odpowiedzi
Obrazkowy Odpowiedź % Poprawnych
Arsenal
100%
Atletico Madryt
99%
Borussia Dortmund
99%
Bayern Monachium
97%
Chelsea
97%
FC Barcelona
97%
Atalanta Bergamo
96%
Inter Mediolan
96%
Juventus
96%
Bayer Leverkusen
95%
Napoli
95%
Benfica
93%
Manchester City
93%
PSG
93%
AS Monaco
92%
Liverpool
92%
FC Kopenhaga
91%
Real Madryt
91%
Eintracht Frankfurt
89%
Newcastle United
89%
Olympique Marsylia
89%
Ajax Amsterdam
88%
Athletic Bilbao
88%
PSV
88%
Club Brugge
86%
Bodo/Glimt
85%
Galatasaray
85%
Sporting Lizbona
84%
Tottenham
81%
Olympiakos
76%
Slavia Praga
74%
Kajrat Ałmaty
72%
Pafos FC
69%
Qarabag Agdam
68%
Villarreal CF
46%
Royale Union Saint-Gilloise
19%
Nie znaleziono quizów pasujących do podanych kryteriów
Rozkład punktacji
Procent ludzi z każdym wynikiem
Percentyl według liczby udzielonych odpowiedzi
Twoja historia wyników
Nie rozwiązałeś tego quizu